| 000 | 00453nam a2200157 a 4500 | ||
|---|---|---|---|
| 005 | 20210219153346.0 | ||
| 008 | 991125n 000 0 spa u | ||
| 035 | _aUPN01000093896 | ||
| 100 | 1 |
_aAlvarez Acosta, Miguel, _d1907-1996 |
|
| 222 |
_aTRIBUNA : _bREVISTA BIMESTRAL INFORMATIVA Y DE ORIENTACION |
||
| 245 | _aPrimer Centenario del Plan de Ayutla / SEP | ||
| 300 | _a30-41 | ||
| 362 | _a1954 2 (6) | ||
| 904 |
_aAC _b031707 |
||
| 905 | _aArticulo | ||
| 999 |
_c74830 _d74830 |
||